Marxism in Latin America.

Guardado en:
Detalles Bibliográficos
Autor principal: Aguilar, Luis E. ed, (autor)
Otros autores: Hernández Medina, Alberto, an (autor) an, (autor)
Formato: Desconocido
Idioma:Inglés
Temas:
Acceso en línea:Ver documento en línea
Etiquetas: Agrega una etiqueta

MARC

LEADER 00000c**#a2200000ua#4500
001 000500881
003 DLC
005 20260414000000.0
008 070820c^^^^9999^^^^r1^^^^^^^^0^^^^0spa^d
009 20260414134039.33
022 |a 01851284 
035 |a FCE 000045055 
037 |a Acervo ITESO - Biblioteca 
041 |a eng 
095 |a RLEE  |b 79-1-75. 
100 |a Aguilar, Luis E.,  |e ed  |e (autor) 
245 1 0 |a Marxism in Latin America. 
264 |a México :  |b Centro de Estudios Educativos,  |c 1979. 
336 |a texto  |b txt  |2 rdacontenido 
337 |a sin mediación  |b n  |2 rdamedio 
338 |a volumen  |b nc  |2 rdasoporte 
649 |a XX 
650 |a Marxismo 
650 |a Reseña 
650 |a América Latina 
740 |g vol. 9, no. 1, 1979, pp. 175.  |t Revista Latinoamericana de Estudios Educativos. Libros, 
700 |a Hernández Medina, Alberto,  |e an  |e (autor) 
856 4 0 |u https://www.cee.edu.mx/rlee/revista/r1971_1980/r_texto/t_1979_1_11.pdf  |y Ver documento en línea 
910 |a Fondo Centro de Estudios Educativos 
920 |a Impresos - Libros 
930 |a Fondos Especiales 
905 |a 133 
902 |a https://opac.biblio.iteso.mx/vufind/Record/000500881